[Event "Oberliga Bayern 0102"]
[Site "Bayern"]
[Date "2002.02.24"]
[Round "6.8"]
[White "Gayer, Michael"]
[Black "De Francesco, Klaus"]
[Result "0-1"]
[WhiteElo "2045"]
[BlackElo "2210"]
[PlyCount "66"]
[EventDate "2001.10.07"]
[EventType "team"]
[EventRounds "9"]
[EventCountry "GER"]
[SourceTitle "EXT 2003"]
[Source "ChessBase"]
[SourceDate "2002.11.25"]
[SourceVersion "1"]
[SourceVersionDate "2002.11.25"]
[SourceQuality "1"]
[WhiteTeam "Krumbach"]
[BlackTeam "Pasing"]
[WhiteTeamCountry "GER"]
[BlackTeamCountry "GER"]

1. d4 d5 2. c4 e6 3. cxd5 exd5 4. Nc3 c6 5. Nf3 Bf5 6. Bg5 Qb6 7. Qd2 h6 8. Bh4 Nd7 9. e3 Ngf6 10. Be2 Bd6 11. 0-0 0-0 12. Na4 Qc7 13. Bd3 Ne4 14. Qc2 Rfe8 15. Rfc1 Re6 16. Nc5 Ndxc5 17. dxc5 Be7 18. Bxe7 Rxe7 19. Nd4 Bd7 20. b4 a6 21. a4 Qe5 22. Nf3 Qh5 23. Nd4 f5 24. g3 Ng5 25. Qd1 Qe8 26. Bf1 Ne4 27. Ra2 Qg6 28. Bg2 h5 29. Qf3 f4 30. exf4 Qf6 31. Qd3 Rae8 32. Nf3 Qh6 33. Ne5 Rxe5 0-1

[Event "Oberliga Bayern 0102"]
[Site "Bayern"]
[Date "2002.02.03"]
[Round "5.8"]
[White "Roerig, Erwin"]
[Black "Gayer, Michael"]
[Result "1-0"]
[WhiteElo "1960"]
[BlackElo "2045"]
[PlyCount "81"]
[EventDate "2001.10.07"]
[EventType "team"]
[EventRounds "9"]
[EventCountry "GER"]
[SourceTitle "EXT 2003"]
[Source "ChessBase"]
[SourceDate "2002.11.25"]
[SourceVersion "1"]
[SourceVersionDate "2002.11.25"]
[SourceQuality "1"]
[WhiteTeam "Neutraubling"]
[BlackTeam "Krumbach"]
[WhiteTeamCountry "GER"]
[BlackTeamCountry "GER"]

1. e4 c5 2. Nf3 d6 3. d4 cxd4 4. Nxd4 Nf6 5. Nc3 a6 6. Be2 e5 7. Nb3 Be7 8. a4 Nc6 9. Be3 Qc7 10. a5 Be6 11. Nd5 Bxd5 12. exd5 Nb4 13. c4 Nfxd5 14. cxd5 Nc2+ 15. Kd2 Nxa1 16. Qxa1 0-0 17. Qa4 Rac8 18. Rc1 Qd8 19. Rxc8 Qxc8 20. Bd3 f5 21. f3 Bf6 22. Nc1 g6 23. Qb4 Qd7 24. Ne2 Rc8 25. Bc2 Qc7 26. Nc3 Qe7 27. g3 Bg5 28. f4 exf4 29. Bxf4 Re8 30. Kc1 Qe1+ 31. Bd1 Bxf4+ 32. Qxf4 Re5 33. Qb4 Qe3+ 34. Kb1 Qd3+ 35. Ka2 Re1 36. Ba4 Qf1 37. Bd7 Ra1+ 38. Kb3 b5 39. axb6 a5 40. Qd4 a4+ 41. Kb4 1-0

[Event "Oberliga Bayern 0001"]
[Site "Bayern"]
[Date "2001.01.28"]
[Round "5"]
[White "Wimmer, Herbert"]
[Black "Gayer, Michael"]
[Result "1-0"]
[WhiteElo "2069"]
[BlackElo "2025"]
[PlyCount "71"]
[EventDate "2000.10.15"]
[EventType "team-tourn"]
[EventRounds "9"]
[EventCountry "GER"]
[SourceTitle "EXT 2020"]
[Source "ChessBase"]
[SourceDate "2019.10.17"]
[SourceVersion "1"]
[SourceVersionDate "2019.10.17"]
[SourceQuality "1"]
[WhiteTeam "Pang/Rosenheim"]
[BlackTeam "Krumbach"]
[WhiteTeamCountry "GER"]
[BlackTeamCountry "GER"]

1. e4 c5 2. Nf3 d6 3. Bb5+ Bd7 4. Bxd7+ Qxd7 5. c4 Nc6 6. d4 cxd4 7. Nxd4 Nf6 8. Nc3 g6 9. f3 Bg7 10. Be3 0-0 11. Qd2 Rfc8 12. b3 Qd8 13. 0-0 a6 14. Rfd1 Rab8 15. Rac1 Qa5 16. Nce2 Qxd2 17. Rxd2 Nxd4 18. Nxd4 b5 19. Rdc2 bxc4 20. Rxc4 Rxc4 21. Rxc4 d5 22. Ra4 Rc8 23. Rxa6 dxe4 24. Nc6 Bf8 25. fxe4 Nxe4 26. b4 Nc3 27. a4 Nxa4 28. Rxa4 Rxc6 29. b5 Rc8 30. b6 e5 31. b7 Rb8 32. Ra8 Bd6 33. Ba7 Rf8 34. Kf1 f5 35. Rxf8+ Kxf8 36. Bc5 1-0

[Event "Oberliga Bayern 9900"]
[Site "Bayern"]
[Date "1999.11.07"]
[Round "2.7"]
[White "Wimmer, Herbert"]
[Black "Gayer, Michael"]
[Result "1-0"]
[WhiteElo "2069"]
[BlackElo "2030"]
[PlyCount "123"]
[EventDate "1999.10.10"]
[EventType "team-tourn"]
[EventRounds "9"]
[EventCountry "GER"]
[SourceTitle "EXT 2020"]
[Source "ChessBase"]
[SourceDate "2019.10.17"]
[SourceVersion "1"]
[SourceVersionDate "2019.10.17"]
[SourceQuality "1"]
[WhiteTeam "Pang/Rosenheim"]
[BlackTeam "Krumbach"]
[WhiteTeamCountry "GER"]
[BlackTeamCountry "GER"]

1. e4 c5 2. Nf3 d6 3. d4 cxd4 4. Nxd4 Nf6 5. Nc3 a6 6. Bg5 e6 7. f4 Be7 8. Qf3 Qc7 9. 0-0-0 Nbd7 10. Bd3 h6 11. Qh3 Nb6 12. f5 e5 13. Nde2 Bd7 14. Be3 Bc6 15. Qf3 0-0-0 16. Bxb6 Qxb6 17. Bc4 Rhf8 18. Bd5 Kb8 19. Kb1 Rc8 20. Rd3 Qc5 21. Bxc6 Rxc6 22. Rc1 Rfc8 23. Nd5 Nxd5 24. Rxd5 Qb6 25. c3 Rc5 26. Rcd1 Rxd5 27. Rxd5 Rc5 28. Rd3 Qc6 29. b4 Rc4 30. Rd5 a5 31. a3 Qa4 32. Kb2 axb4 33. axb4 Rc6 34. Ra5 Qd1 35. Ng3 Qd2+ 36. Kb3 Qc1 37. Qd3 Qg1 38. Ra2 Qxh2 39. b5 Rc8 40. f6 gxf6 41. Nf5 Bf8 42. Qf1 Qh5 43. b6 Rc5 44. Qa1 Rb5+ 45. Kc4 Rxb6 46. Ra8+ Kc7 47. Qf1 d5+ 48. Kxd5 Bd6 49. Kc4 Qg4 50. Qf3 Qxf3 51. gxf3 Rb2 52. Rh8 b5+ 53. Kd3 Rf2 54. Rxh6 Rxf3+ 55. Kc2 Rf1 56. Rxf6 Bc5 57. Rxf7+ Kb6 58. Rf6+ Ka5 59. Rc6 Bf2 60. Nd6 b4 61. c4 Bd4 62. Nb7+ 1-0

[Event "Landesliga Sued 9899"]
[Site "Bayern"]
[Date "1999.01.17"]
[Round "4.6"]
[White "Gayer, Michael"]
[Black "Daurer, Walter"]
[Result "1/2-1/2"]
[WhiteElo "2025"]
[BlackElo "2030"]
[PlyCount "42"]
[EventDate "1998.11.10"]
[EventType "team-tourn"]
[EventRounds "9"]
[EventCountry "GER"]
[SourceTitle "EXT 2020"]
[Source "ChessBase"]
[SourceDate "2019.10.17"]
[SourceVersion "1"]
[SourceVersionDate "2019.10.17"]
[SourceQuality "1"]
[WhiteTeam "Krumbach"]
[BlackTeam "Kriegshaber SK"]
[WhiteTeamCountry "GER"]
[BlackTeamCountry "GER"]

1. d4 Nf6 2. c4 g6 3. Nc3 Bg7 4. e4 d6 5. Be2 0-0 6. Bg5 Na6 7. Qd2 Qe8 8. h4 e5 9. d5 Nc5 10. f3 a5 11. Bh6 Nh5 12. g4 Nf4 13. Bxg7 Kxg7 14. Nh3 Nxh3 15. Rxh3 h6 16. h5 g5 17. Nd1 Bd7 18. Ne3 f6 19. Bd1 a4 20. Ng2 Kh7 21. Rc1 Ra6 1/2-1/2

[Event "Landesliga Sued 9798"]
[Site "Bayern"]
[Date "1997.10.19"]
[Round "1.6"]
[White "Wuerdinger, Alexander"]
[Black "Gayer, Michael"]
[Result "1-0"]
[WhiteElo "2045"]
[BlackElo "2030"]
[PlyCount "63"]
[EventDate "1997.10.19"]
[EventType "team-tourn"]
[EventRounds "9"]
[EventCountry "GER"]
[SourceTitle "EXT 2020"]
[Source "ChessBase"]
[SourceDate "2019.10.17"]
[SourceVersion "1"]
[SourceVersionDate "2019.10.17"]
[SourceQuality "1"]
[WhiteTeam "Graefelfing SK"]
[BlackTeam "Krumbach"]
[WhiteTeamCountry "GER"]
[BlackTeamCountry "GER"]

1. d4 d5 2. c4 e6 3. Nc3 Nf6 4. Bg5 Be7 5. e3 Nbd7 6. Nf3 0-0 7. Rc1 c6 8. Bd3 dxc4 9. Bxc4 Nd5 10. Bxe7 Qxe7 11. 0-0 Nxc3 12. bxc3 e5 13. h3 e4 14. Nd2 Nf6 15. f3 Nd5 16. Bxd5 cxd5 17. c4 dxc4 18. Nxc4 Qg5 19. fxe4 b5 20. Nd6 Bxh3 21. Qf3 Bxg2 22. Qxg2 Qxe3+ 23. Qf2 Qg5+ 24. Kh1 Qh6+ 25. Qh2 Qe3 26. Rg1 Qxd4 27. Rxg7+ Qxg7 28. Rg1 Qg6 29. Nf5 Kh8 30. Rxg6 fxg6 31. Qe5+ Kg8 32. Qg7# 1-0

[Event "Landesliga Sued 9697"]
[Site "Bayern"]
[Date "1997.04.13"]
[Round "8"]
[White "Gayer, Michael"]
[Black "Rubke, Manfred"]
[Result "1/2-1/2"]
[WhiteElo "2035"]
[BlackElo "2060"]
[PlyCount "103"]
[EventDate "1996.10.13"]
[EventType "team-tourn"]
[EventRounds "9"]
[EventCountry "GER"]
[SourceTitle "EXT 2020"]
[Source "ChessBase"]
[SourceDate "2019.10.17"]
[SourceVersion "1"]
[SourceVersionDate "2019.10.17"]
[SourceQuality "1"]
[WhiteTeam "Krumbach"]
[BlackTeam "Haunstetten TSV"]
[WhiteTeamCountry "GER"]
[BlackTeamCountry "GER"]

1. d4 d6 2. c4 c6 3. Nc3 Qc7 4. e4 e5 5. Be3 Nf6 6. Be2 Be7 7. h3 0-0 8. Nf3 Re8 9. 0-0 Nbd7 10. d5 Nf8 11. Ne1 Ng6 12. Nd3 Bf8 13. Rc1 c5 14. Qc2 a6 15. g4 h6 16. f3 Qe7 17. Qd2 Nh7 18. Qe1 Bd7 19. a4 Kh8 20. Qg3 Rab8 21. Bf2 Qd8 22. h4 Be7 23. h5 Ngf8 24. Be3 Bg5 25. Qf2 Bxe3 26. Qxe3 Ng5 27. Nf2 Qf6 28. Kg2 Nfh7 29. Nh1 g6 30. Ng3 gxh5 31. Nxh5 Qg6 32. Rh1 Rg8 33. Rcg1 f6 34. Ng3 Nf7 35. Rh5 Nhg5 36. Kf2 Kg7 37. Nf5+ Kf8 38. Rgh1 Bxf5 39. exf5 Qg7 40. Ke1 Rh8 41. Kd2 Re8 42. Ne4 Nxe4+ 43. fxe4 Ng5 44. a5 Qc7 45. Ra1 Rb8 46. Bd1 Kg7 47. Bc2 b6 48. axb6 Rxb6 49. b3 Qb7 50. Ke2 Rb4 51. Qc1 Ra8 52. Ra5 1/2-1/2

[Event "Landesliga Sued 9697"]
[Site "Bayern"]
[Date "1997.03.02"]
[Round "7"]
[White "Schneider, Roland"]
[Black "Gayer, Michael"]
[Result "0-1"]
[WhiteElo "1873"]
[BlackElo "2035"]
[PlyCount "98"]
[EventDate "1996.10.13"]
[EventType "team-tourn"]
[EventRounds "9"]
[EventCountry "GER"]
[SourceTitle "EXT 2020"]
[Source "ChessBase"]
[SourceDate "2019.10.17"]
[SourceVersion "1"]
[SourceVersionDate "2019.10.17"]
[SourceQuality "1"]
[WhiteTeam "Passau II"]
[BlackTeam "Krumbach"]
[WhiteTeamCountry "GER"]
[BlackTeamCountry "GER"]

1. e4 c5 2. Nf3 d6 3. d4 cxd4 4. Nxd4 Nf6 5. Nc3 a6 6. f4 Qc7 7. a4 e5 8. Nf3 Be7 9. Bd3 Be6 10. 0-0 Nbd7 11. Kh1 0-0 12. Qe1 Rfe8 13. a5 Rac8 14. Be3 Bc4 15. Bxc4 Qxc4 16. fxe5 Nxe5 17. Nd4 d5 18. Ra4 Bb4 19. Nf5 Nxe4 20. Nxe4 Bxe1 21. Rxc4 Nxc4 22. Ned6 Nxd6 23. Nxd6 Rxe3 24. Nxc8 Bxa5 25. Nd6 Re7 26. Nf5 Re1 27. Rxe1 Bxe1 28. Ne7+ Kf8 29. Nxd5 Bf2 30. g3 Ke8 31. Kg2 Bd4 32. b3 Kd7 33. Kf3 b5 34. Ke4 Bg1 35. h3 a5 36. g4 Kc6 37. Ne7+ Kc5 38. c3 a4 39. bxa4 bxa4 40. Kd3 Bh2 41. Nf5 Be5 42. Ne3 g6 43. Nc4 Bd6 44. Nd2 Kd5 45. Nf3 f5 46. gxf5 gxf5 47. Nd2 Bc5 48. Nf3 h6 49. Nh4 a3 0-1

[Event "Landesliga Sued 9596"]
[Site "Bayern"]
[Date "1996.12.03"]
[Round "3"]
[White "Hahn, Christoph"]
[Black "Gayer, Michael"]
[Result "1-0"]
[WhiteElo "1907"]
[BlackElo "2060"]
[PlyCount "79"]
[EventDate "1995.10.15"]
[EventType "team-tourn"]
[EventRounds "9"]
[EventCountry "GER"]
[SourceTitle "EXT 2020"]
[Source "ChessBase"]
[SourceDate "2019.10.17"]
[SourceVersion "1"]
[SourceVersionDate "2019.10.17"]
[SourceQuality "1"]
[WhiteTeam "Starnberg SC"]
[BlackTeam "Krumbach"]
[WhiteTeamCountry "GER"]
[BlackTeamCountry "GER"]

1. d4 Nf6 2. Bg5 e6 3. e3 d5 4. Nd2 Be7 5. Bd3 b6 6. c3 Bb7 7. f4 Nbd7 8. Ngf3 c5 9. 0-0 0-0 10. Ne5 Ne4 11. Bxe7 Qxe7 12. Rf3 f6 13. Nxd7 Qxd7 14. Rh3 f5 15. Nf3 Rae8 16. Ne5 Qe7 17. Bxe4 dxe4 18. Qh5 g6 19. Rg3 Rf6 20. h4 Qg7 21. Qg5 h6 22. Qxf6 Qxf6 23. Rxg6+ Qxg6 24. Nxg6 cxd4 25. exd4 Kf7 26. Ne5+ Kf6 27. Kf2 Rg8 28. Rg1 h5 29. c4 Ke7 30. c5 bxc5 31. dxc5 Bd5 32. b4 Rb8 33. a3 a5 34. Rb1 axb4 35. axb4 Ra8 36. Rb2 Ra3 37. b5 Kd8 38. b6 Kc8 39. c6 Rc3 40. b7+ 1-0

[Event "Landesliga Sued 9697"]
[Site "Bayern"]
[Date "1996.10.13"]
[Round "1"]
[White "Wuerdinger, Alexander"]
[Black "Gayer, Michael"]
[Result "0-1"]
[WhiteElo "2070"]
[BlackElo "2020"]
[PlyCount "108"]
[EventDate "1996.10.13"]
[EventType "team-tourn"]
[EventRounds "9"]
[EventCountry "GER"]
[SourceTitle "EXT 2020"]
[Source "ChessBase"]
[SourceDate "2019.10.17"]
[SourceVersion "1"]
[SourceVersionDate "2019.10.17"]
[SourceQuality "1"]
[WhiteTeam "Graefelfing SK"]
[BlackTeam "Krumbach"]
[WhiteTeamCountry "GER"]
[BlackTeamCountry "GER"]

1. e4 c5 2. Nf3 d6 3. Bb5+ Bd7 4. Bxd7+ Qxd7 5. c4 Nc6 6. 0-0 Nf6 7. Nc3 g6 8. d3 Bg7 9. Bg5 h6 10. Bxf6 Bxf6 11. Qd2 g5 12. Nd5 Bg7 13. Rab1 0-0 14. a3 e6 15. Ne3 f5 16. exf5 exf5 17. Nd5 Rae8 18. Rfe1 Rxe1+ 19. Rxe1 Re8 20. b4 b6 21. b5 Nd4 22. Nxd4 Bxd4 23. Kf1 Kf7 24. Rxe8 Qxe8 25. h4 Bf6 26. Qd1 Qe5 27. Nc7 Kg6 28. hxg5 hxg5 29. Qe1 Kf7 30. Qxe5 dxe5 31. g4 fxg4 32. Ke2 e4 33. dxe4 g3 34. f3 Bd4 35. Kf1 Kf6 36. Nd5+ Ke5 37. Ne7 Kf4 38. Kg2 Bf2 39. Nf5 g4 40. fxg4 Kxg4 41. Nd6 Kf4 42. a4 Bd4 43. Nc8 Be5 44. Nxa7 Kxe4 45. Nc6 Bc7 46. Ne7 Kd3 47. Nd5 Bd8 48. a5 bxa5 49. b6 Bxb6 50. Nxb6 Kc3 51. Kxg3 Kb3 52. Kf4 a4 53. Nxa4 Kxa4 54. Ke5 Kb3 0-1

[Event "Landesliga Sued 9596"]
[Site "Bayern"]
[Date "1995.11.05"]
[Round "2"]
[White "Gayer, Michael"]
[Black "Katzer, Joachim"]
[Result "1-0"]
[WhiteElo "2060"]
[BlackElo "1945"]
[PlyCount "109"]
[EventDate "1995.10.15"]
[EventType "team-tourn"]
[EventRounds "9"]
[EventCountry "GER"]
[SourceTitle "EXT 2020"]
[Source "ChessBase"]
[SourceDate "2019.10.17"]
[SourceVersion "1"]
[SourceVersionDate "2019.10.17"]
[SourceQuality "1"]
[WhiteTeam "Krumbach"]
[BlackTeam "Sendling SC"]
[WhiteTeamCountry "GER"]
[BlackTeamCountry "GER"]

1. d4 d5 2. c4 e6 3. cxd5 exd5 4. Nf3 c5 5. Nc3 Nc6 6. g3 Nf6 7. Bg5 cxd4 8. Nxd4 Be7 9. Bg2 0-0 10. 0-0 h6 11. Be3 Re8 12. h3 Bf8 13. Nxc6 bxc6 14. Rc1 Bf5 15. a3 a5 16. Na4 Ra6 17. Bd4 Ne4 18. e3 Ng5 19. h4 Ne6 20. Nc5 Bxc5 21. Bxc5 Nxc5 22. Rxc5 Qb6 23. Qd4 Rb8 24. Rfc1 Qxb2 25. Qxb2 Rxb2 26. Rxc6 Rxc6 27. Rxc6 Rb1+ 28. Kh2 Rb3 29. Bxd5 Rxa3 30. Rc7 Be6 31. Bxe6 fxe6 32. Re7 a4 33. Rxe6 Rb3 34. Ra6 a3 35. Kg2 Kf7 36. Kf3 Ke7 37. Kf4 Rb2 38. f3 a2 39. e4 Rf2 40. h5 Rb2 41. g4 Rf2 42. e5 Kf7 43. Ke4 Re2+ 44. Kf5 Rb2 45. f4 Ke7 46. Ra7+ Kf8 47. g5 hxg5 48. fxg5 Rb6 49. Rxa2 g6+ 50. hxg6 Kg7 51. Ra7+ Kg8 52. g7 Rc6 53. e6 Rc5+ 54. Kf6 Rc8 55. Rf7 1-0

[Event "Landesliga Sued 9495"]
[Site "Bayern"]
[Date "1995.04.02"]
[Round "7.7"]
[White "Gayer, Michael"]
[Black "Mittermeier, Josef"]
[Result "1-0"]
[WhiteElo "2065"]
[BlackElo "1915"]
[PlyCount "85"]
[EventDate "1994.10.09"]
[EventType "team-tourn"]
[EventRounds "9"]
[EventCountry "GER"]
[SourceTitle "EXT 2020"]
[Source "ChessBase"]
[SourceDate "2019.10.17"]
[SourceVersion "1"]
[SourceVersionDate "2019.10.17"]
[SourceQuality "1"]
[WhiteTeam "Krumbach"]
[BlackTeam "Dorfen PSV"]
[WhiteTeamCountry "GER"]
[BlackTeamCountry "GER"]

1. d4 Nf6 2. c4 e6 3. Nc3 Bb4 4. a3 Bxc3+ 5. bxc3 b6 6. e3 Bb7 7. Nf3 d6 8. Bd3 Ne4 9. Qc2 f5 10. 0-0 0-0 11. Nd2 Nxd2 12. Bxd2 Qg5 13. e4 f4 14. f3 e5 15. c5 dxc5 16. dxc5 Qe7 17. cxb6 cxb6 18. Rfd1 Nd7 19. Be1 Kh8 20. a4 Rfd8 21. a5 Nc5 22. Be2 Rxd1 23. Qxd1 Ba6 24. Bxa6 Nxa6 25. axb6 axb6 26. Qd3 Nc7 27. Rxa8+ Nxa8 28. c4 h6 29. h3 Kh7 30. Qd5 Nc7 31. Qc6 Ne6 32. Qxb6 Qd7 33. Bf2 Nd4 34. Qc5 Ne2+ 35. Kh2 Ng3 36. Bxg3 fxg3+ 37. Kxg3 Qe6 38. Qd5 Qg6+ 39. Kf2 Qg5 40. c5 h5 41. c6 h4 42. Qd1 Qe7 43. Qc1 1-0

[Event "Landesliga Sued 9495"]
[Site "Bayern"]
[Date "1995.03.05"]
[Round "6.7"]
[White "Wolf, Gerhard1111"]
[Black "Gayer, Michael"]
[Result "1/2-1/2"]
[WhiteElo "2069"]
[BlackElo "2065"]
[PlyCount "31"]
[EventDate "1994.10.09"]
[EventType "team-tourn"]
[EventRounds "9"]
[EventCountry "GER"]
[SourceTitle "EXT 2020"]
[Source "ChessBase"]
[SourceDate "2019.10.17"]
[SourceVersion "1"]
[SourceVersionDate "2019.10.17"]
[SourceQuality "1"]
[WhiteTeam "Muenchen FC Bayern III"]
[BlackTeam "Krumbach"]
[WhiteTeamCountry "GER"]
[BlackTeamCountry "GER"]

1. d4 Nf6 2. Nc3 d5 3. Bg5 e6 4. e4 dxe4 5. Nxe4 Be7 6. Bxf6 Bxf6 7. Nf3 Nd7 8. Bd3 0-0 9. c3 e5 10. 0-0 exd4 11. cxd4 g6 12. Nxf6+ Qxf6 13. Re1 Nb6 14. Qd2 Be6 15. Qh6 Bd5 16. Be4 1/2-1/2

[Event "Landesliga Sued 9495"]
[Site "Bayern"]
[Date "1995.02.05"]
[Round "5.7"]
[White "Gayer, Michael"]
[Black "Schmuecking, Ingo"]
[Result "1-0"]
[WhiteElo "2065"]
[BlackElo "1810"]
[PlyCount "67"]
[EventDate "1994.10.09"]
[EventType "team-tourn"]
[EventRounds "9"]
[EventCountry "GER"]
[SourceTitle "EXT 2020"]
[Source "ChessBase"]
[SourceDate "2019.10.17"]
[SourceVersion "1"]
[SourceVersionDate "2019.10.17"]
[SourceQuality "1"]
[WhiteTeam "Krumbach"]
[BlackTeam "Sendling SC"]
[WhiteTeamCountry "GER"]
[BlackTeamCountry "GER"]

1. d4 d5 2. c4 e6 3. cxd5 exd5 4. Nf3 Nf6 5. Bg5 Be7 6. Qc2 0-0 7. e3 Nbd7 8. Nc3 c6 9. Bd3 Re8 10. Nd2 Nf8 11. 0-0 Ng6 12. Rfc1 Ng4 13. Bxe7 Qxe7 14. Nf1 Qg5 15. Ng3 Be6 16. b4 a6 17. Na4 Rad8 18. Nc5 Bc8 19. Bf5 Rd6 20. Bxc8 Rxc8 21. h3 Nh6 22. Nxb7 Rf6 23. Nc5 Nh4 24. Qe2 Rg6 25. Nd3 N4f5 26. Nf4 Nxg3 27. fxg3 Rf6 28. Qxa6 Re8 29. Rxc6 Rxc6 30. Qxc6 Rd8 31. g4 f5 32. Qe6+ Kf8 33. Qe5 Kg8 34. Ne6 1-0

[Event "Landesliga Sued 9495"]
[Site "Bayern"]
[Date "1995.01.15"]
[Round "4.7"]
[White "Eitel, Harald"]
[Black "Gayer, Michael"]
[Result "1-0"]
[WhiteElo "2110"]
[BlackElo "2065"]
[PlyCount "72"]
[EventDate "1994.10.09"]
[EventType "team-tourn"]
[EventRounds "9"]
[EventCountry "GER"]
[SourceTitle "EXT 2020"]
[Source "ChessBase"]
[SourceDate "2019.10.17"]
[SourceVersion "1"]
[SourceVersionDate "2019.10.17"]
[SourceQuality "1"]
[WhiteTeam "Ingolstadt"]
[BlackTeam "Krumbach"]
[WhiteTeamCountry "GER"]
[BlackTeamCountry "GER"]

1. d4 Nf6 2. Nf3 e6 3. g3 d5 4. Bg2 Be7 5. c4 0-0 6. Nc3 dxc4 7. Qa4 Nbd7 8. Qxc4 Nb6 9. Qb3 c5 10. dxc5 Bxc5 11. 0-0 h6 12. Bf4 Nfd5 13. Be5 f6 14. Bd4 Bxd4 15. Nxd4 Nxc3 16. bxc3 Qe7 17. a4 Rd8 18. a5 Nd5 19. a6 Kh8 20. Rfb1 Rd7 21. e4 Nb6 22. Nxe6 bxa6 23. Nf4 Qf7 24. e5 Qxb3 25. Rxb3 fxe5 26. Ng6+ Kg8 27. Rxb6 axb6 28. Bxa8 Rc7 29. c4 Rc5 30. Bd5+ Kh7 31. Nxe5 b5 32. Nd3 Rc7 33. Be4+ Kg8 34. cxb5 axb5 35. Ra8 Kf7 36. Rb8 Bd7 1-0

[Event "Landesliga Sued 9495"]
[Site "Bayern"]
[Date "1994.12.04"]
[Round "3.6"]
[White "Tuchenhagen, Axel"]
[Black "Gayer, Michael"]
[Result "1/2-1/2"]
[WhiteElo "2125"]
[BlackElo "2065"]
[PlyCount "136"]
[EventDate "1994.10.09"]
[EventType "team-tourn"]
[EventRounds "9"]
[EventCountry "GER"]
[SourceTitle "EXT 2020"]
[Source "ChessBase"]
[SourceDate "2019.10.17"]
[SourceVersion "1"]
[SourceVersionDate "2019.10.17"]
[SourceQuality "1"]
[WhiteTeam "Starnberg SC"]
[BlackTeam "Krumbach"]
[WhiteTeamCountry "GER"]
[BlackTeamCountry "GER"]

1. d4 Nf6 2. c4 e6 3. Nc3 d5 4. cxd5 exd5 5. Bg5 Be7 6. Qc2 0-0 7. e3 c6 8. Bd3 Nbd7 9. Nf3 Re8 10. 0-0-0 Nf8 11. Rdg1 Ne4 12. h4 Nxc3 13. Qxc3 Be6 14. Kb1 Rc8 15. g4 c5 16. dxc5 f6 17. Bf4 Rxc5 18. Qd2 d4 19. Nxd4 Ra5 20. Nxe6 Nxe6 21. Rd1 Nxf4 22. exf4 Qb6 23. Rhe1 Kf8 24. Bxh7 Rd8 25. Qc2 Rxd1+ 26. Rxd1 Qe6 27. a3 Rc5 28. Rd8+ Bxd8 29. Qxc5+ Be7 30. Qc2 Qe1+ 31. Ka2 Qe6+ 32. Qb3 Qxb3+ 33. Kxb3 Bc5 34. f3 Be3 35. Be4 b6 36. f5 Ke7 37. a4 Kd6 38. Kc4 a5 39. b4 axb4 40. Kxb4 Bf2 41. Kb5 Kc7 42. h5 Be3 43. Ba8 Kd6 44. Kc4 Ke5 45. Kd3 Bc1 46. Kc4 Be3 47. Bb7 Kf4 48. Kb5 Kg5 49. Bd5 Bf2 50. Kc6 Be3 51. Kd6 Bc5+ 52. Kc6 Be3 53. Kd7 Kh6 54. Bg8 Kg5 55. Ke6 Bd2 56. Bh7 Bf4 57. Kd5 Be3 58. Ke4 Bc1 59. Bg6 Bd2 60. Be8 Bc1 61. Bc6 Bd2 62. Kd5 Bc1 63. Ke6 Bd2 64. Kf7 Kh6 65. Be4 Bc1 66. Bc2 Bd2 67. Bd1 Bc1 68. Ke6 Kg5 1/2-1/2